Detroit:Become Human quiz - Statistics

General Stats
  • This quiz has been taken 310 times
  • The average score is 9 of 15
Answer Stats
Question Answer % Correct
In what year was the game released? 2018
97%
A term for androids who disobey their programming and gain consciousness while often becoming agressive towards humans. Deviant
91%
In what year does the game take place? 2038
86%
What's the name of the abandoned cargo ship which becomes the main refuge for awaken androids. Jericho
86%
What's Hank's dog's name? Sumo
84%
A trending drug with the exact same molecular formula as cocaine. Red Ice
67%
Hank lost his son in 2035. What was his name? Cole
64%
You can read in the news that a military conflict is evolving between the United States and what other country? Russia
60%
Kara has the option to release what android animal at Zlatko's house? Bear
58%
What studio developed the game? Quantic Dream
48%
An american actor nominated for multiple awards for his performance in the game as Connor. Bryan Dechart
42%
An ingridient of the fluid that powers androids's biocomponents called ,,blue blood' Thirium
33%
What's the name of the tower where the revolutionist androids infiltrate to hack a TV broadcast and tell a message? Stratford Tower
28%
Where is the above mentioned conflict unfolding? The North Pole/The Arctic
21%
What basketball team is Hank a fan of? Detroit Gears
10%
No matching quizzes found
Score Distribution
Percent of People with Each Score
Percentile by Number Answered
Your Score History
You have not taken this quiz